1722 1222 1403 1048 1455 1166 1087 1471 1213 1413 1434 1180 1374 1885 1548 1605 1254 1648 1545 1839 1921 1606 1617 1507 1526 1611 1731 1304 1317 1716 1207 1135 1148 1119 1480 1694 1964 1409 1377 1410 1837 1863 1813 1673 1357 1997 1709 1026 1916 1551 1104 1796 1544 1648 1120 1824 1079 1525 1855 1022 1586 1776 1150 1152 1948 1461 1948 1120 1462 1413 1827 1540 1924 1800 1262 1991 1842 1143 1568 1057 1999 1568 1777 1437 1457 1822 1086 1191 1427 1789 1813 1537 1545 1646 1976 1629 1223 1919 1886 BCNSPRNW ULIB Ver.6.0+V

เปลี่ยนเป็นภาษาไทย

Change to English
 แสดงรายละเอียดบรรณานุกรม
  กลับหน้าหลัก

Brief Record : Get Marc (ISO 2709) : E-mail record : QR code < ปิดหน้าต่าง
LEADER : 00000nam 2200000uu 4500
001    13399122490
003     ULIB
008    130709s2542||||th 000 0 tha d
099    ^aวพ.WY18^bป685ส
100 0  ^aปิ่นนเรศ กาศอุดม,^d2513-
245 10 ^aสมรรถนะการจัดการเรียนการสอนแบบใช้ปัญหาเป็นหลักของอาจารย์พยาบาลสังกัดสถาบันพระบรมราชชนกกระทรวงสาธารณสุข =^bProblem-
246 31 ^aProblem-based learning competency of nursing faculty in nursing colleges under the jurisdiction of the ministry of public health
260    ^a^c2542
300    ^aก-ฌ, 144 แผ่น ;^c30 ซม.
500    ^aSend to Single Search
502    ^aวิทยานิพนธ์ (วท.ม. (สาธารณสุขศาสตร์))--มหาวิทยาลัยมหิดล, 2542
610 24 ^aมหาวิทยาลัยมหิดล^xวิทยานิพนธ์
610 24 ^aมหาวิทยาลัยมหิดล. ^bคณะสาธารณสุขศาสตร์^xวิทยานิพนธ์
610 24 ^aสถาบันพระบรมราชชนก กระทรวงสาธารณสุข
650  4 ^aพยาบาล, การศึกษา
650  4 ^aการสอน^xตำราทางการพยาบาล
691    ^aวท.ม. (2542)
692    ^aพยาบาลสาธารณสุข (มหาวิทยาลัยมหิดล 2542)
700 0  ^aสุนีย์ ละกำปั่น,^eที่ปรึกษา
710 2  ^aมหาวิทยาลัยมหิดล
710 2  ^aมหาวิทยาลัยมหิดล. ^bคณะสาธารณสุขศาสตร์
945    ^p0^l0^i011757
999    ^aกมลทิพย์ ธนสารสุธี
รายการนี้ยังไม่มีแท็ก
คุณยังไม่ได้ล็อกอิน คุณสามารถมีกิจกรรมร่วมกับเว็บไซต์ได้ แต่ต้องล็อกอินก่อน ::
  ล็อกอิน

รายการสื่อสารสนเทศ

ลำดับที่ ประเภท เลขเรียก/บาร์โค้ด สถานที่ สถานะ
1. วิทยานิพนธ์
วิทยานิพนธ์
วพ.WY18 ป685ส  
  Barcode: 011757
ห้องสมุดวิทยาเขตสวรรค์ประชารักษ์
► วิทยานิพนธ์
บนชั้น

รายการใกล้เคียง
    หัวเรื่อง [พยาบาล, การศึกษา]

BibComment


ยังไม่เคยถูกคอมเมนท์

คอมเมนท์ทรัพยากรรายการนี้
  คอมเมนท์: สมรรถนะการจัดการ..


 Copyright 2026. Bcnsprnw @Library